000 01353cam a22003014a 4500
999 _c330805
_d330805
001 12369481
003 NUST
005 20170808110036.0
008 010404s2002 caua b 001 0 eng
010 _a 2001035126
020 _a053438742X
040 _aDLC
_cDLC
_dDLC
042 _apcc
050 0 0 _aTA710
_b.D264 2002
082 0 0 _a624.15136 DAS
_221
100 1 _aDas, Braja M.,
_d1941-
_9891
245 1 0 _aPrinciples of geotechnical engineering /
_cBraja M. Das.
250 _a5th ed.
260 _aPacific Grove, CA :
_bBrooks Cole/Thompson Learning,
_cc2002.
300 _axv, 589 p. :
_bill. ;
_c25 cm.
500 _aP.B Photocopy
504 _aIncludes bibliographical references and index.
650 0 _aSoil mechanics.
_9558
650 0 _aGeotechnical engineering.
_9979
856 4 2 _3Contributor biographical information
_uhttp://www.loc.gov/catdir/enhancements/fy1514/2001035126-b.html
856 4 2 _3Publisher description
_uhttp://www.loc.gov/catdir/enhancements/fy1514/2001035126-d.html
856 4 1 _3Table of contents only
_uhttp://www.loc.gov/catdir/enhancements/fy1514/2001035126-t.html
906 _a7
_bcbc
_corignew
_d1
_eocip
_f20
_gy-gencatlg
942 _2ddc
_cBK
_kIESE